Statistiques concernant Musiques de DJ Snake

Cliquez ici pour prendre le quiz!

Statistiques générales

  • Ce quiz a été pris 74 fois
  • Le résultat moyen est 14 sur 61

Statistiques - réponses

Answers% Correct
Taki Taki (ft. Selena Gomez, Ozuna & Cardi B)
79%
Lean On (avec Major Lazer ft. MØ)
73%
Turn Down For What (ft. Lil Jon)
66%
Let Me Love You (ft. Justin Bieber)
61%
Loco Contigo (ft. J Balvin & Tyga)
55%
Get Low (avec Dillon Francis)
53%
Middle (ft. Bipolar Sunshine)
53%
Magenta Riddim
44%
Paris (ft.GASHI)
35%
Selfish Love (ft. Selena Gomez)
34%
A Different Way (ft. Lauv)
32%
Made in France(ft. Tchami, Malaa & Mercer)
31%
You Know You Like It (ft. AlunaGeorge)
31%
Enzo (ft. Sheck Wes feat. Offset, 21 Savage & Gucci Mane)
29%
Propaganda
29%
SG
29%
Fuego (ft. Sean Paul, Anitta & Tainy)
26%
Ocho Cinco (ft. Yellow Claw)
26%
Sahara (ft. Skrillex)
26%
Bird Machine (ft. Alesia)
24%
Butterfly Effect
24%
Quiet Storm (ft. Zomboy)
24%
Trust Nobody
24%
Frequency 75
23%
Here Comes the Night (ft.Mr Hudson)
21%
Intro (A86)
21%
No More (ft. ZHU)
21%
Gassed Up (avec Jauz)
19%
No Option (ft. Burna Boy)
19%
Run It (ft. Rick Ross & Rich Brian)
19%
Try Me (ft. Plastic Toy)
19%
When the Lights Go Down
19%
Pigalle (ft. Moksi)
18%
The Half (ft. Jeremih, Young Thug & Swizz Beatz)
18%
Good Day (ft.Yellow Claw & Elliphant)
16%
Maradona Riddim (avec Niniola)
16%
Ring The Alarm (avec Malaa)
16%
SouthSide (ft. Eptic)
16%
Talk (ft. George Maple)
16%
U Are My High (ft. Future)
16%
4 Life (ft.G4shi)
15%
Recognize (ft. Majid Jordan)
15%
You Are My High
15%
Broken Summer (ft. Max Frost)
13%
Creep on Me (ft. GASHI & French Montana)
13%
Let's Get Ill (avec Mercer)
13%
Oh Me Oh My (ft. Travis Scott, Migos & G4shi)
11%
Pondicherry
11%
Public Enemy (ft. Yellow Claw)
11%
Slow Down (avec Yellow Claw & Spanker)
11%
Smile (ft. Bryson Tiller)
11%
Damn Right, Pt. 2 (ft. Audrey Nuna)
10%
Eres Top (ft. Ozuna & P. Diddy)
10%
Lunatic (avec Mercer)
10%
Safety (ft. GASHI)
10%
Sober (ft. JRY)
10%
Future, Pt. 2 (ft. Bipolar Sunshine)
8%
Drop (avec Diplo)
6%
Faded 2.0 (avec Zhu & DJ Mustard)
5%
Together
5%
Party All Day
2%

Distribution des résultats

Percentile par nombre de réponses

% des personnes avec chaque résultat

Votre développement - résultats

Vous n’avez pas pris ce quiz